U.S. State Capital Flags Quiz - Statistics

General Stats
  • This quiz has been taken 47 times
  • The average score is 21 of 29
Answer Stats
Picture Answer % Correct
Baton Rouge
97%
Saint Paul
97%
Austin
94%
Boston
94%
Jefferson City
94%
Juneau
94%
Montgomery
94%
Sacramento
94%
Springfield
94%
Tallahassee
94%
Honolulu
88%
Little Rock
88%
Oklahoma City
79%
Trenton
79%
Columbus
76%
Denver
76%
Raleigh
76%
Atlanta
73%
Charleston
73%
Albany
55%
Topeka
48%
Des Moines
42%
Madison
42%
Annapolis
39%
Indianapolis
39%
Salt Lake City
39%
Jackson
36%
Montpelier
36%
Columbia
33%
No matching quizzes found
Score Distribution
Percent of People with Each Score
Percentile by Number Answered
Your Score History
You have not taken this quiz